000 00800nam a22002537i 4500
003 URS
005 20220117094547.0
008 170531b xxu||||| |||| 00| 0 eng d
020 _a053454262x
040 _erda
_cCollege
_beng
050 0 0 _aBJ1012
_bR7331 1998
100 1 _aRoss, Stephen David,
_eauthor
245 1 0 _aIdeals and Responsibilities : Ethical Judgment and Social Identity/
_cRoss, Stephen David
264 1 _aUSA:
_bWadsworth Pub., Company,
_c1998.
300 _axiii, 450 pages:
_billustrationss,
_c22.8 cm.
336 _2rdacontent
_atext
337 _2rdamedia
_aunmediated
338 _2rdacarrier
_avolume
504 _aIncludes glossary, bibliography and index
650 _aEthics.
650 _aEthical Responsibility.
650 _aSocial Relations.
942 _2lcc
_cFR
999 _c11375
_d11375